000 00679nam a2200205Ia 4500
003 GCL
008 140319s9999 xx 000 0 ara d
040 _aGCL /
_cGCL
082 0 4 _a859
_bا ا
100 1 _aامين سلامة
245 1 0 _aاناشيد الرعاة (هدية من الاديب عبدالفتاح الجمل) /
_cامين سلامة
700 1 _aفرجيل
300 _a190 ص
490 _aالهيئة العامة للاستعلامات
_v0
650 0 4 _aالشعراء اليونانيون
650 0 4 _aالادب الرومانى المترجم
650 0 4 _aالشعر الرومانى المترجم
650 0 4 _aفرجيل
942 _2ddc
_cBK
999 _c47395
_d47395